[Event "VI Open Vallee d'Aoste A"]
[Site "Saint Vincent - Chatillon ITA"]
[Date "1998.02.12"]
[Round "6"]
[White "Guerrieri, Lorenzo"]
[Black "Manca, Federico"]
[Result "0-1"]
[WhiteElo "2185"]
[BlackElo "2375"]
[PlyCount "106"]
[EventDate "1998.02.07"]

1. e4 d6 2. d4 Nf6 3. Nc3 g6 4. Bf4 Bg7 5. Qd2 c6 6. Nf3 Qa5 7. Bd3 Nbd7 8. O-O
O-O 9. Rad1 e5 10. dxe5 dxe5 11. Bg5 Re8 12. a3 Nf8 13. Bxf6 Bxf6 14. Nd5 Qd8
15. Nxf6+ Qxf6 16. Bc4 Bg4 17. Qd6 Qf4 18. Qd3 Rad8 19. Qe3 Bxf3 20. Qxf3 Qxf3
21. gxf3 g5 22. Be2 Ne6 23. Rxd8 Rxd8 24. Rd1 Rxd1+ 25. Bxd1 Nf4 26. b4 Kf8 27.
Kf1 Ke7 28. Ke1 Kd6 29. Kd2 c5 30. c3 Kc6 31. Ba4+ Kb6 32. Be8 f6 33. Bd7 a5
34. Ke3 h6 35. Kd2 Kc7 36. Ba4 cxb4 37. cxb4 axb4 38. axb4 Ne6 39. Kc3 Nd4 40.
Bd1 Kc6 41. Kc4 Kb6 42. Kd5 Kb5 43. Kd6 Kxb4 44. Ke7 Kc3 45. Kxf6 Kd2 46. Ba4
Nxf3 47. h3 Ke2 48. Kg6 Kxf2 49. Kxh6 Ke3 50. Bc2 b5 51. Kh5 Kf4 52. Bd3 b4 53.
Bc2 Nd2 0-1

[Event "VI Open Vallee d'Aoste A"]
[Site "Saint Vincent - Chatillon ITA"]
[Date "1998.02.12"]
[Round "6"]
[White "Hohler, Peter"]
[Black "Frank, Albert"]
[Result "1-0"]
[WhiteElo "2230"]
[BlackElo "2035"]
[PlyCount "33"]
[EventDate "1998.02.07"]

1. c4 b6 2. Nc3 f5 3. e4 fxe4 4. Nxe4 e6 5. Qh5+ g6 6. Qe5 Qh4 7. Bd3 Bb7 8. g3
Qh6 9. Qxh8 Kf7 10. Qe5 Bd6 11. Qd4 Bc5 12. Qe5 Bd6 13. Qc3 Bf8 14. Bc2 Na6 15.
d4 Qg7 16. a3 Be7 17. Qf3+ 1-0

[Event "VI Open Vallee d'Aoste A"]
[Site "Saint Vincent - Chatillon ITA"]
[Date "1998.02.12"]
[Round "6"]
[White "Lacrosse, Marc"]
[Black "Miladinovic, Igor"]
[Result "0-1"]
[WhiteElo "2280"]
[BlackElo "2565"]
[PlyCount "64"]
[EventDate "1998.02.07"]

1. d4 d5 2. c4 Nc6 3. Nc3 Nf6 4. Nf3 dxc4 5. e4 Bg4 6. Be3 e6 7. Bxc4 Bb4 8.
Qc2 O-O 9. Rd1 Qe7 10. Bb5 e5 11. Bxc6 bxc6 12. dxe5 Nd7 13. Bf4 Bxf3 14. gxf3
Nxe5 15. Bxe5 Qxe5 16. Rd3 Rab8 17. a3 Bd6 18. Nd1 Qf6 19. Qa4 Rbd8 20. Ke2 Bf4
21. Qxa7 Rxd3 22. Kxd3 Rd8+ 23. Kc2 Qd6 24. Qa6 Qd2+ 25. Kb1 Qc1+ 26. Ka2 g6
27. Qa4 Be5 28. Qb3 Bxb2 29. Qxb2 Rd2 30. Qxd2 Qxd2+ 31. Nb2 Qc2 32. a4 c5 0-1

[Event "VI Open Vallee d'Aoste A"]
[Site "Saint Vincent - Chatillon ITA"]
[Date "1998.02.12"]
[Round "6"]
[White "Luciani, Valerio"]
[Black "Godena, Michele"]
[Result "0-1"]
[WhiteElo "2220"]
[BlackElo "2500"]
[PlyCount "180"]
[EventDate "1998.02.07"]

1. e4 e5 2. Nf3 Nc6 3. Bb5 a6 4. Ba4 Nf6 5. O-O Be7 6. Re1 b5 7. Bb3 O-O 8. c3
d6 9. h3 Nb8 10. d4 Nbd7 11. Nbd2 Bb7 12. Bc2 Re8 13. Nf1 Bf8 14. Ng3 g6 15.
Nh2 c5 16. d5 c4 17. Bg5 h6 18. Be3 Bg7 19. Qd2 Kh7 20. Rf1 Qe7 21. Rae1 a5 22.
Ng4 Nxg4 23. hxg4 Qh4 24. g5 hxg5 25. Bxg5 Bh6 26. f4 Bxg5 27. fxg5 Kg7 28. Qf2
Qf4 29. Qxf4 exf4 30. Ne2 Nc5 31. Nxf4 Re5 32. Re2 Rae8 33. Ref2 R8e7 34. b4
cxb3 35. axb3 Rxg5 36. Ra1 a4 37. bxa4 bxa4 38. Bxa4 Nxe4 39. Rc2 Rf5 40. Rf1
Bxd5 41. Nxd5 Rxd5 42. Bc6 Rc5 43. Bxe4 Rxe4 44. Rd2 Re6 45. Rfd1 Rc6 46. Kf2
Kf6 47. Rd3 Ke7 48. Ra1 Re5 49. Ra7+ Ke6 50. Ra8 Rec5 51. Re8+ Kf6 52. Ree3
Rf5+ 53. Kg3 Re5 54. Rf3+ Rf5 55. Rfe3 Re5 56. Rf3+ Ke6 57. Rf4 f5 58. Kf3 Rd5
59. Re3+ Re5 60. Rd3 g5 61. Rfd4 Re1 62. Kf2 Re4 63. Rd5 Ra6 64. Kg3 Re3+ 65.
Kf2 Rxd3 66. Rxd3 Ra4 67. Kf3 Ke5 68. Kg3 d5 69. Re3+ Re4 70. Rd3 g4 71. Kh4
Re2 72. Kg5 f4 73. g3 fxg3 74. Rxg3 Re4 75. Kh4 Rc4 76. Kg5 Kd6 77. Kf5 Kc5 78.
Re3 Ra4 79. Kg5 Kc4 80. Kxg4 Ra3 81. Kf4 Rxc3 82. Re1 d4 83. Rd1 Re3 84. Rc1+
Kd3 85. Rd1+ Kc3 86. Rc1+ Kd2 87. Ra1 Re8 88. Ra2+ Kc3 89. Ra3+ Kc4 90. Kf3 d3
0-1

[Event "VI Open Vallee d'Aoste A"]
[Site "Saint Vincent - Chatillon ITA"]
[Date "1998.02.12"]
[Round "6"]
[White "Luther, Thomas"]
[Black "Zelcic, Robert"]
[Result "1/2-1/2"]
[WhiteElo "2510"]
[BlackElo "2540"]
[PlyCount "111"]
[EventDate "1998.02.07"]

1. e4 c6 2. d4 d5 3. Nd2 dxe4 4. Nxe4 Bf5 5. Ng3 Bg6 6. h4 h6 7. Nf3 Nd7 8. h5
Bh7 9. Bd3 Bxd3 10. Qxd3 e6 11. Bd2 Ngf6 12. O-O-O Qc7 13. Qe2 O-O-O 14. Ne5
Nb6 15. Ba5 c5 16. Bxb6 axb6 17. dxc5 Bxc5 18. Nd3 Bd6 19. Ne4 Nxe4 20. Qxe4 b5
21. Rhe1 Qc4 22. Qxc4+ bxc4 23. Ne5 Bxe5 24. Rxe5 Rxd1+ 25. Kxd1 Kd7 26. Kd2
Ra8 27. a3 Kd6 28. Re4 b5 29. Rg4 Rg8 30. Kc3 Kc5 31. Rg3 g5 32. hxg6 fxg6 33.
Re3 Kd5 34. f4 g5 35. g3 gxf4 36. gxf4 Kd6 37. Rh3 Rg4 38. Rh5 Rg3+ 39. Kd4 Rg2
40. Rxb5 Rxc2 41. a4 Kc6 42. Rb4 h5 43. a5 c3 44. Rb6+ Kd7 45. bxc3 h4 46. Rb7+
Kd6 47. Rb6+ Kd7 48. Rb7+ Kd6 49. Rh7 Ra2 50. Rh5 h3 51. Rxh3 Rxa5 52. Rd3 Ra1
53. Ke4+ Kc5 54. Rd4 Re1+ 55. Kd3 e5 56. fxe5 1/2-1/2

[Event "VI Open Vallee d'Aoste A"]
[Site "Saint Vincent - Chatillon ITA"]
[Date "1998.02.12"]
[Round "6"]
[White "Martorelli, Antonio"]
[Black "De Kleuver, Esther"]
[Result "0-1"]
[WhiteElo "2405"]
[BlackElo "2180"]
[PlyCount "54"]
[EventDate "1998.02.07"]

1. e4 c5 2. Nc3 Nc6 3. f4 e6 4. Nf3 g6 5. d4 cxd4 6. Nxd4 Nge7 7. Ndb5 d5 8.
exd5 exd5 9. Nxd5 Nxd5 10. Qxd5 Qe7+ 11. Be2 Be6 12. Qe4 Bg7 13. f5 gxf5 14.
Qf4 Be5 15. Qh6 Bc4 16. Bxc4 Bf4+ 17. Kf2 Qc5+ 18. Kf3 Bxh6 19. Bxh6 Ne5+ 20.
Kf4 Qxc4+ 21. Kxf5 Qe6+ 22. Ke4 Qc6+ 23. Kf5 Qxb5 24. Rhe1 O-O-O 25. Rxe5 Rd5
26. Rae1 Re8 27. Bg7 Rexe5+ 0-1

[Event "VI Open Vallee d'Aoste A"]
[Site "Saint Vincent - Chatillon ITA"]
[Date "1998.02.12"]
[Round "6"]
[White "Ravagnani, Tiziano"]
[Black "Ciuffoletti, Paolo"]
[Result "0-1"]
[WhiteElo "2015"]
[BlackElo "2054"]
[PlyCount "78"]
[EventDate "1998.02.07"]

1. e4 e5 2. Nf3 Nc6 3. d4 exd4 4. Nxd4 Qh4 5. Nb5 Bb4+ 6. c3 Ba5 7. Be3 Nf6 8.
b4 a6 9. Nd2 Ng4 10. bxa5 axb5 11. Nf3 Nxe3 12. Nxh4 Nxd1 13. Kxd1 Rxa5 14. Nf5
O-O 15. Ne3 Ne7 16. Bd3 d6 17. Kc2 Be6 18. Rhb1 c6 19. a4 Rfa8 20. c4 bxc4 21.
Bxc4 b5 22. Bb3 Bxb3+ 23. Rxb3 Rxa4 24. Rd1 Rxe4 25. Rxd6 Re6 26. Rd7 g6 27.
Rbd3 Ra2+ 28. Kb3 Rxf2 29. Rb7 h5 30. Nc2 Ree2 31. Nd4 Rb2+ 32. Ka3 Nd5 33.
Nxb5 Rxb5 34. Rxb5 cxb5 35. Rxd5 Rxg2 36. h4 Rg4 37. Rxb5 Rxh4 38. Kb3 Rd4 39.
Kc3 Rd1 0-1

[Event "VI Open Vallee d'Aoste A"]
[Site "Saint Vincent - Chatillon ITA"]
[Date "1998.02.12"]
[Round "6"]
[White "Rossi, Carlo"]
[Black "Guido, Flavio"]
[Result "1-0"]
[WhiteElo "2330"]
[BlackElo "2370"]
[PlyCount "43"]
[EventDate "1998.02.07"]

1. e4 c5 2. Nf3 e6 3. d4 cxd4 4. Nxd4 Nf6 5. Nc3 d6 6. Bc4 a6 7. Bb3 b5 8. O-O
Be7 9. Qf3 Qb6 10. Be3 Qb7 11. Qg3 O-O 12. Bh6 Ne8 13. Rad1 Bd7 14. Rfe1 Nc6
15. Nd5 Bd8 16. Nf5 exf5 17. exf5 Ne5 18. Rxe5 dxe5 19. f6 g6 20. Ne7+ Bxe7 21.
fxe7 Ng7 22. Qxe5 1-0

[Event "VI Open Vallee d'Aoste A"]
[Site "Saint Vincent - Chatillon ITA"]
[Date "1998.02.12"]
[Round "6"]
[White "Vera Gonzalez-Quevedo, Reynaldo"]
[Black "Van den Doel, Erik"]
[Result "1-0"]
[WhiteElo "2535"]
[BlackElo "2485"]
[PlyCount "75"]
[EventDate "1998.02.07"]

1. d4 Nf6 2. Nf3 g6 3. g3 c5 4. c4 Bg7 5. Nc3 cxd4 6. Nxd4 Nc6 7. Bg2 O-O 8.
O-O Nxd4 9. Qxd4 d6 10. Qd3 Be6 11. Bd2 Qc8 12. b3 Bh3 13. Rac1 Bxg2 14. Kxg2
Qd7 15. e4 Rfd8 16. Rfd1 Rac8 17. Bg5 h6 18. Bxf6 Bxf6 19. Qe3 Bxc3 20. Rxc3
Rc5 21. Rd5 Qe6 22. f3 h5 23. Rcd3 Rdc8 24. f4 Rxd5 25. Rxd5 Rc5 26. f5 gxf5
27. Rxc5 dxc5 28. Qg5+ Kf8 29. Qxf5 Qxf5 30. exf5 Kg7 31. Kf3 Kh6 32. Kf4 a6
33. a3 a5 34. a4 b6 35. h4 Kg7 36. Kg5 e6 37. fxe6 fxe6 38. Kxh5 1-0

[Event "VI Open Vallee d'Aoste A"]
[Site "Saint Vincent - Chatillon ITA"]
[Date "1998.02.13"]
[Round "7"]
[White "Belotti, Bruno"]
[Black "Farago, Ivan"]
[Result "1/2-1/2"]
[WhiteElo "2420"]
[BlackElo "2475"]
[PlyCount "70"]
[EventDate "1998.02.07"]

1. e4 c5 2. Nf3 e6 3. d4 cxd4 4. Nxd4 a6 5. Nc3 Qc7 6. Bd3 Nf6 7. O-O d6 8. Kh1
Nbd7 9. f4 Be7 10. Qf3 b5 11. a3 Bb7 12. Bd2 Nc5 13. b4 Nxd3 14. cxd3 O-O 15.
Rac1 Qd7 16. Qg3 Kh8 17. Nb3 Rac8 18. Be3 Nh5 19. Qh3 g6 20. Nd5 Bxd5 21. exd5
f5 22. Qf3 Nf6 23. Bd4 Kg8 24. dxe6 Qxe6 25. Rce1 Qd7 26. Ba1 Bd8 27. Nd4 Re8
28. h3 Rxe1 29. Rxe1 Be7 30. Kh2 Re8 31. Nc6 Bf8 32. Rxe8 Nxe8 33. Nb8 Qe6 34.
Nxa6 Bh6 35. Bd4 Qc8 1/2-1/2

[Event "VI Open Vallee d'Aoste A"]
[Site "Saint Vincent - Chatillon ITA"]
[Date "1998.02.13"]
[Round "7"]
[White "Borgo, Giulio"]
[Black "Luisetto, Alessandro"]
[Result "1-0"]
[WhiteElo "2430"]
[BlackElo "1789"]
[PlyCount "57"]
[EventDate "1998.02.07"]

1. e4 c6 2. d4 d5 3. Nd2 dxe4 4. Nxe4 Nd7 5. Bc4 Ngf6 6. Ng5 e6 7. Qe2 Nb6 8.
Bd3 Be7 9. N1f3 h6 10. Ne4 Nxe4 11. Bxe4 Nd5 12. Bd2 Qb6 13. O-O-O a5 14. c4
Nb4 15. Bb1 Qa6 16. a3 Nd5 17. Ne5 Nf6 18. Bd3 Qb6 19. Be3 Qc7 20. Kb1 b6 21.
f4 O-O 22. g4 Nd7 23. g5 Nxe5 24. dxe5 hxg5 25. Qh5 g6 26. Bxg6 fxg6 27. Qxg6+
Kh8 28. h4 g4 29. Qh5+ 1-0

[Event "VI Open Vallee d'Aoste A"]
[Site "Saint Vincent - Chatillon ITA"]
[Date "1998.02.13"]
[Round "7"]
[White "Caposciutti, Maurizio"]
[Black "Mantovani, Renzo"]
[Result "1/2-1/2"]
[WhiteElo "2310"]
[BlackElo "2365"]
[PlyCount "71"]
[EventDate "1998.02.07"]

1. e4 g6 2. d4 Bg7 3. Nc3 c6 4. Bc4 d5 5. exd5 b5 6. Bb3 b4 7. Nce2 cxd5 8. Nf3
a5 9. a3 bxa3 10. Rxa3 Nf6 11. Nf4 O-O 12. Ne5 e6 13. O-O Nfd7 14. Nxf7 Kxf7
15. Nxe6 Kxe6 16. Qg4+ Rf5 17. Re1+ Kf7 18. Bxd5+ Rxd5 19. Qe6+ Kf8 20. Qxd5
Ra6 21. Bg5 Bf6 22. Bh6+ Bg7 23. Rf3+ Rf6 24. Qd6+ Kg8 25. Rxf6 Qxf6 26. Re8+
Kf7 27. Qxf6+ Bxf6 28. Rxc8 Bxd4 29. Bf4 Na6 30. Ra8 Ndc5 31. c3 Bf6 32. Ra7+
Ke6 33. b4 axb4 34. cxb4 Nxb4 35. Rxh7 Nd5 36. Bd2 1/2-1/2

[Event "VI Open Vallee d'Aoste A"]
[Site "Saint Vincent - Chatillon ITA"]
[Date "1998.02.13"]
[Round "7"]
[White "Cebalo, Miso"]
[Black "Franco Ocampos, Zenon"]
[Result "1/2-1/2"]
[WhiteElo "2515"]
[BlackElo "2465"]
[PlyCount "64"]
[EventDate "1998.02.07"]

1. d4 Nf6 2. Nf3 e6 3. c4 b6 4. a3 c5 5. d5 Ba6 6. Qc2 exd5 7. cxd5 g6 8. Nc3
Bg7 9. g3 O-O 10. Bg2 d6 11. O-O Re8 12. Re1 Nbd7 13. Bf4 Qe7 14. h3 Ne4 15.
Rac1 Ndf6 16. Nxe4 Nxe4 17. Nd2 f5 18. Nxe4 fxe4 19. b4 Bd4 20. h4 e3 21. f3
Kg7 22. Qa4 Bb7 23. bxc5 Bxc5 24. Red1 h6 25. Rc4 Qf7 26. Re4 Rxe4 27. fxe4 g5
28. hxg5 hxg5 29. Bxg5 Qf2+ 30. Kh2 Rh8+ 31. Bh4 Rxh4+ 32. gxh4 Qf4+ 1/2-1/2

[Event "VI Open Vallee d'Aoste A"]
[Site "Saint Vincent - Chatillon ITA"]
[Date "1998.02.13"]
[Round "7"]
[White "Ciuffoletti, Paolo"]
[Black "Castaldo, Folco"]
[Result "0-1"]
[WhiteElo "2054"]
[BlackElo "2155"]
[PlyCount "83"]
[EventDate "1998.02.07"]

1. e4 g6 2. d4 Bg7 3. Nc3 c6 4. f4 d5 5. e5 h5 6. Nf3 Bg4 7. Be3 e6 8. h3 Bxf3
9. Qxf3 h4 10. Bd3 Ne7 11. O-O Nf5 12. Bf2 Bf8 13. Ne2 Nd7 14. a4 Be7 15. a5
Kf8 16. b3 Kg7 17. c4 Rc8 18. a6 b6 19. cxd5 cxd5 20. Rfc1 Nb8 21. Bb5 Rxc1+
22. Rxc1 Bb4 23. Be1 Bxe1 24. Rxe1 f6 25. Rc1 Rf8 26. Qc3 Rf7 27. Qc8 Qxc8 28.
Rxc8 Nd7 29. Ra8 Nf8 30. Be8 Re7 31. Bc6 fxe5 32. fxe5 Rc7 33. Bb7 Rc2 34. Kf1
Ne3+ 35. Kf2 Nd1+ 36. Ke1 Ne3 37. Kf2 Nd1+ 38. Kf3 Rd2 39. Nf4 g5 40. Nh5+ Kh6
41. Bxd5 exd5 42. Nf6 0-1

[Event "VI Open Vallee d'Aoste A"]
[Site "Saint Vincent - Chatillon ITA"]
[Date "1998.02.13"]
[Round "7"]
[White "Efimov, Igor"]
[Black "Rossi, Carlo"]
[Result "1-0"]
[WhiteElo "2525"]
[BlackElo "2330"]
[PlyCount "59"]
[EventDate "1998.02.07"]

1. d4 Nf6 2. c4 c5 3. d5 d6 4. Nc3 e5 5. g3 g6 6. Bg2 Bg7 7. Nf3 O-O 8. O-O a6
9. a4 Nh5 10. e4 Qe8 11. a5 f5 12. Na4 Nd7 13. Ng5 Rb8 14. Ne6 b5 15. axb6 Ndf6
16. exf5 gxf5 17. Nxf8 Bxf8 18. Bd2 Qg6 19. b4 cxb4 20. Bxb4 f4 21. c5 e4 22.
c6 f3 23. Bxf3 exf3 24. Qxf3 Bg4 25. Qg2 Qf5 26. f3 Bh3 27. g4 Qg5 28. Bd2 Qxd5
29. Qxh3 Qxd2 30. gxh5 1-0

[Event "VI Open Vallee d'Aoste A"]
[Site "Saint Vincent - Chatillon ITA"]
[Date "1998.02.13"]
[Round "7"]
[White "Godena, Michele"]
[Black "Novikov, Igor A."]
[Result "1/2-1/2"]
[WhiteElo "2500"]
[BlackElo "2550"]
[PlyCount "64"]
[EventDate "1998.02.07"]

1. e4 c5 2. c3 d5 3. exd5 Qxd5 4. d4 Nf6 5. Nf3 e6 6. Be2 Nc6 7. O-O cxd4 8.
cxd4 Be7 9. Nc3 Qd6 10. Be3 O-O 11. Rc1 b6 12. a3 Bb7 13. Qd2 Nd5 14. Rfd1 Rac8
15. Nxd5 Qxd5 16. Bc4 Qh5 17. Qe2 Na5 18. Ba6 Qd5 19. b4 Bxa6 20. Qxa6 Nc4 21.
Ne5 Nxe3 22. fxe3 Rxc1 23. Rxc1 Bf6 24. Qc4 Bxe5 25. Qxd5 Bxh2+ 26. Kxh2 exd5
27. Kg3 Re8 28. Kf3 Kf8 29. Rc7 Re7 30. Rc8+ Re8 31. Rc7 Re7 32. Rc8+ Re8
1/2-1/2

[Event "VI Open Vallee d'Aoste A"]
[Site "Saint Vincent - Chatillon ITA"]
[Date "1998.02.13"]
[Round "7"]
[White "Guido, Flavio"]
[Black "Contin, Daniel"]
[Result "1-0"]
[WhiteElo "2370"]
[BlackElo "2300"]
[PlyCount "53"]
[EventDate "1998.02.07"]

1. e4 d5 2. exd5 Qxd5 3. Nc3 Qa5 4. d4 Nf6 5. Bc4 c6 6. Qe2 Bf5 7. Bd2 e6 8.
Nd5 Qd8 9. Nxf6+ Qxf6 10. O-O-O Bd6 11. Kb1 Qg6 12. Bc3 b5 13. Bb3 b4 14. d5
bxc3 15. dxe6 fxe6 16. Rxd6 Ke7 17. Rd1 Qxg2 18. Nf3 Bg4 19. Qe5 Qxf3 20. Qxg7+
Qf7 21. Qxh8 Bxd1 22. Rxd1 Qf3 23. Qxh7+ Qf7 24. Qh4+ Qf6 25. Qb4+ Ke8 26. Qb7
Qf3 27. Rg1 1-0

[Event "VI Open Vallee d'Aoste A"]
[Site "Saint Vincent - Chatillon ITA"]
[Date "1998.02.13"]
[Round "7"]
[White "Lacrosse, Marc"]
[Black "Luciani, Valerio"]
[Result "1/2-1/2"]
[WhiteElo "2280"]
[BlackElo "2220"]
[PlyCount "80"]
[EventDate "1998.02.07"]

1. d4 f5 2. g3 g6 3. Bg2 Bg7 4. c4 Nf6 5. Nc3 O-O 6. Nf3 d6 7. O-O c6 8. d5 Qe8
9. Rb1 Na6 10. b4 Bd7 11. dxc6 bxc6 12. a3 h6 13. Bb2 g5 14. Qd3 Nc7 15. Nd4
Ng4 16. b5 Qh5 17. h3 Ne5 18. Qd1 f4 19. Nxc6 f3 20. exf3 Nxf3+ 21. Bxf3 Rxf3
22. Nxe7+ Kh7 23. Ne4 Bxb2 24. Rxb2 Raf8 25. Qxd6 Bxh3 26. Qxc7 Bxf1 27. Kxf1
R8f7 28. Qe5 Rxa3 29. Nd2 Ra1+ 30. Rb1 Rxb1+ 31. Nxb1 Qh1+ 32. Ke2 Qxb1 33. Nd5
Qc2+ 34. Ke3 Qxf2+ 35. Kd3 Qf1+ 36. Kd4 Qf2+ 37. Kd3 Qf3+ 38. Kd4 Rf5 39. Qe7+
Rf7 40. Qe5 Qf2+ 1/2-1/2

[Event "VI Open Vallee d'Aoste A"]
[Site "Saint Vincent - Chatillon ITA"]
[Date "1998.02.13"]
[Round "7"]
[White "Miladinovic, Igor"]
[Black "Luther, Thomas"]
[Result "1/2-1/2"]
[WhiteElo "2565"]
[BlackElo "2510"]
[PlyCount "116"]
[EventDate "1998.02.07"]

1. d4 e6 2. e4 d5 3. Nc3 Nf6 4. e5 Nfd7 5. f4 c5 6. Nf3 Nc6 7. Be3 cxd4 8. Nxd4
Bc5 9. Qd2 Nxd4 10. Bxd4 Bxd4 11. Qxd4 Qb6 12. Qxb6 Nxb6 13. Nb5 Ke7 14. Nd4
Bd7 15. Kd2 Na4 16. b3 Nc5 17. Bd3 g5 18. fxg5 Rag8 19. h4 h6 20. Nf3 hxg5 21.
hxg5 Rxh1 22. Rxh1 Ne4+ 23. Ke3 Nxg5 24. g4 Ne4 25. Rh4 Nc5 26. g5 Bc6 27. Rh5
Nd7 28. Kf4 Nc5 29. Nd4 Bd7 30. Rh7 Kf8 31. b4 Nxd3+ 32. cxd3 Ke7 33. b5 Ke8
34. a4 a6 35. bxa6 bxa6 36. a5 Ke7 37. Nb3 Bb5 38. Nc5 Ke8 39. d4 Ke7 40. Nb7
Bd3 41. Rh3 Rb8 42. Nc5 Bf5 43. Rc3 Rh8 44. Nxa6 Rh4+ 45. Ke3 Re4+ 46. Kf3 Rxd4
47. Rc7+ Kd8 48. Rxf7 Rd3+ 49. Ke2 Ra3 50. Nc5 Ke8 51. Ra7 d4 52. a6 Ra2+ 53.
Kf3 d3 54. Ra8+ Ke7 55. Ra7+ Ke8 56. Ra8+ Ke7 57. Ke3 Re2+ 58. Kf3 Ra2 1/2-1/2

[Event "VI Open Vallee d'Aoste A"]
[Site "Saint Vincent - Chatillon ITA"]
[Date "1998.02.13"]
[Round "7"]
[White "Sedina, Elena"]
[Black "Rosin, Federico"]
[Result "1-0"]
[WhiteElo "2380"]
[BlackElo "2240"]
[PlyCount "59"]
[EventDate "1998.02.07"]

1. e4 d5 2. exd5 Nf6 3. Bb5+ Bd7 4. Be2 Nxd5 5. d4 Bf5 6. Nf3 e6 7. O-O Be7 8.
Re1 O-O 9. a3 Nd7 10. c4 N5b6 11. Nc3 c6 12. Bf4 Re8 13. h3 Bf6 14. Bf1 h6 15.
Qb3 g5 16. Bg3 Qc8 17. a4 a5 18. Rac1 h5 19. c5 Nd5 20. Nxd5 cxd5 21. Bb5 Rd8
22. c6 bxc6 23. Rxc6 Qb7 24. Rc7 Qb6 25. Rec1 h4 26. Bh2 Nb8 27. Qe3 Ra7 28.
Rxa7 Qxa7 29. Be5 Bxe5 30. Qxg5+ 1-0

[Event "VI Open Vallee d'Aoste A"]
[Site "Saint Vincent - Chatillon ITA"]
[Date "1998.02.13"]
[Round "7"]
[White "Tatai, Stefano"]
[Black "Hohler, Peter"]
[Result "1/2-1/2"]
[WhiteElo "2385"]
[BlackElo "2230"]
[PlyCount "92"]
[EventDate "1998.02.07"]

1. e4 e5 2. Nf3 Nc6 3. Bb5 a6 4. Bxc6 dxc6 5. O-O Qd6 6. d3 Ne7 7. Be3 c5 8.
Nbd2 Nc6 9. Nc4 Qf6 10. Bg5 Qg6 11. Bd2 Qf6 12. Bg5 Qg6 13. Be3 Qf6 14. Qd2 h6
15. Qc3 Bd6 16. Kh1 O-O 17. Ng1 Qe7 18. a4 b6 19. Ne2 Nd4 20. Ng3 Bd7 21. f4
exf4 22. Bxf4 Bxf4 23. Rxf4 Qg5 24. Rf2 a5 25. Ne2 Nxe2 26. Rxe2 Be6 27. Nd2
Bg4 28. Nf3 Bxf3 29. gxf3 Qf4 30. Rg2 f6 31. Rf1 Kh8 32. b3 Rae8 33. Rg4 Qe3
34. Rg3 Qf4 35. Rfg1 Re7 36. Qe1 f5 37. Qc3 Rff7 38. Rh3 Kh7 39. Qe1 Re6 40.
Rhg3 Ree7 41. Qe2 Re6 42. Qg2 Ree7 43. Qh3 Kh8 44. Qh5 Rf6 45. Rh3 Qd2 46. Rhg3
Qf4 1/2-1/2

[Event "VI Open Vallee d'Aoste A"]
[Site "Saint Vincent - Chatillon ITA"]
[Date "1998.02.13"]
[Round "7"]
[White "Ubezio, Marco"]
[Black "Naumkin, Igor"]
[Result "0-1"]
[WhiteElo "2190"]
[BlackElo "2435"]
[PlyCount "132"]
[EventDate "1998.02.07"]

1. d4 e6 2. Nf3 f5 3. Bg5 Be7 4. Bxe7 Qxe7 5. Nbd2 Nf6 6. g3 O-O 7. Bg2 d6 8.
c3 Nc6 9. Qc2 e5 10. dxe5 dxe5 11. e4 f4 12. Bf1 Kh8 13. Bd3 Ng4 14. gxf4 Rxf4
15. h3 Nh6 16. O-O-O Bd7 17. Rdg1 Raf8 18. Rg3 Qc5 19. Rh2 a5 20. Be2 Be6 21.
Ne1 Qe7 22. Nd3 R4f6 23. Rhg2 Rg8 24. a3 Nf7 25. Bg4 b5 26. Bxe6 Qxe6 27. Qb3
Qxb3 28. Nxb3 a4 29. Nbc5 Na5 30. Rg1 Nc4 31. Kc2 g6 32. h4 h5 33. Kd1 Kh7 34.
Ke2 Rc6 35. Rf3 Kg7 36. Rfg3 Rd8 37. Ke1 Rdd6 38. Nb7 Rf6 39. Ke2 Rb6 40. Nbc5
Rbc6 41. Nb7 Rce6 42. Nbc5 Re7 43. Nb4 c6 44. Nbd3 Kh6 45. Na6 Re8 46. Nac5 Rg8
47. Nd7 Rd6 48. N7c5 g5 49. Rf3 Rg7 50. Rfg3 Rgg6 51. hxg5+ Rxg5 52. Na6 Rxg3
53. Rxg3 Ng5 54. Nac5 h4 55. Rg4 Kh5 56. Rg1 Nh3 57. Rg8 Nf4+ 58. Nxf4+ exf4
59. Kf3 h3 60. Rh8+ Rh6 61. Rg8 Ne5+ 62. Kxf4 h2 63. Kxe5 h1=Q 64. Nd3 Re6+ 65.
Kxe6 Qxe4+ 66. Ne5 Qd5+ 0-1

[Event "VI Open Vallee d'Aoste A"]
[Site "Saint Vincent - Chatillon ITA"]
[Date "1998.02.13"]
[Round "7"]
[White "Van den Doel, Erik"]
[Black "Arlandi, Ennio"]
[Result "1/2-1/2"]
[WhiteElo "2485"]
[BlackElo "2425"]
[PlyCount "107"]
[EventDate "1998.02.07"]

1. e4 c6 2. d4 d5 3. Nd2 dxe4 4. Nxe4 Nd7 5. Ng5 Ngf6 6. Bd3 e6 7. N1f3 Bd6 8.
Qe2 h6 9. Ne4 Nxe4 10. Qxe4 Qc7 11. Bd2 b6 12. Qg4 g5 13. Qh3 Rg8 14. Qxh6 Bf8
15. Qh7 Nf6 16. Qh3 g4 17. Qh4 gxf3 18. Qxf6 fxg2 19. Rg1 Qxh2 20. O-O-O Bb7
21. Be4 Be7 22. Qf3 Qc7 23. Qh5 Bf6 24. Rxg2 Rxg2 25. Bxg2 O-O-O 26. Be3 Qe7
27. Qg4 Kb8 28. c3 Ka8 29. Rh1 e5 30. dxe5 Bxe5 31. Qc4 c5 32. Bxb7+ Qxb7 33.
Rd1 Rxd1+ 34. Kxd1 Qd7+ 35. Kc2 Kb8 36. a4 a5 37. Qe4 Bc7 38. Bd2 Qe6 39. Qxe6
fxe6 40. Kd3 Kb7 41. Ke4 Kc6 42. c4 Kd7 43. Bg5 Bd6 44. f4 Bc7 45. Kf3 Bd6 46.
Kg4 Bc7 47. Bf6 Bd6 48. Kg5 Bc7 49. Be5 Bd8+ 50. Kg6 Be7 51. Kf7 Bd8 52. b3 Bh4
53. Bb8 Bd8 54. Be5 1/2-1/2

[Event "VI Open Vallee d'Aoste A"]
[Site "Saint Vincent - Chatillon ITA"]
[Date "1998.02.13"]
[Round "7"]
[White "Van der Werf, Mark"]
[Black "Everet, Alexandro"]
[Result "1-0"]
[WhiteElo "2420"]
[BlackElo "2290"]
[PlyCount "59"]
[EventDate "1998.02.07"]

1. d4 Nf6 2. c4 c5 3. d5 d6 4. Nc3 g6 5. e4 Bg7 6. Bd3 O-O 7. h3 Nbd7 8. Be3
Ne8 9. Qc2 Nc7 10. Nf3 b6 11. O-O Ne5 12. Nxe5 dxe5 13. f4 e6 14. f5 exf5 15.
exf5 Ne8 16. g4 Nd6 17. Ne4 Re8 18. fxg6 hxg6 19. Bg5 Qc7 20. Nf6+ Bxf6 21.
Bxf6 e4 22. Qf2 g5 23. Qe3 Kh7 24. Kh1 Rg8 25. Bxe4+ Nxe4 26. Qxe4+ Rg6 27. Rf2
Ba6 28. Raf1 Kh6 29. h4 gxh4 30. g5+ 1-0

[Event "VI Open Vallee d'Aoste A"]
[Site "Saint Vincent - Chatillon ITA"]
[Date "1998.02.13"]
[Round "7"]
[White "Zelcic, Robert"]
[Black "Vera Gonzalez-Quevedo, Reynaldo"]
[Result "1-0"]
[WhiteElo "2540"]
[BlackElo "2535"]
[PlyCount "160"]
[EventDate "1998.02.07"]

1. e4 c5 2. Nf3 d6 3. d4 cxd4 4. Nxd4 Nf6 5. Nc3 a6 6. Be2 e5 7. Nb3 Be7 8. O-O
O-O 9. a4 Nc6 10. Kh1 Be6 11. f4 exf4 12. Bxf4 Rc8 13. Qe1 Ne8 14. Rd1 Bh4 15.
Qd2 Bf6 16. Qe3 Be5 17. Nc5 Qe7 18. Nxe6 fxe6 19. Bxe5 Rxf1+ 20. Rxf1 Nxe5 21.
Qh3 Rc5 22. Bg4 Nxg4 23. Qxg4 Nf6 24. Qd1 Re5 25. Qd4 Qc7 26. Rd1 d5 27. exd5
exd5 28. h3 h6 29. Kg1 Qe7 30. Rf1 Qe6 31. a5 Re1 32. Rxe1 Qxe1+ 33. Kh2 h5 34.
Qd3 d4 35. Qe2 Qc1 36. Nd5 Qg5 37. Nxf6+ gxf6 38. Qc4+ Kg7 39. Qc7+ Kh6 40.
Qxb7 Qe5+ 41. g3 h4 42. Qf3 hxg3+ 43. Kg2 f5 44. Qxg3 Qe4+ 45. Kg1 Qxc2 46.
Qh4+ Kg6 47. Qxd4 Qc1+ 48. Kf2 Qc2+ 49. Kf3 Qc6+ 50. Ke3 Qc1+ 51. Ke2 Qc2+ 52.
Qd2 Qe4+ 53. Kf2 Qh4+ 54. Kg2 Qe4+ 55. Kg1 Qc4 56. Qc3 Qe2 57. Qg3+ Kf6 58. b4
Qd1+ 59. Kg2 Qc2+ 60. Qf2 Qe4+ 61. Kh2 Qd3 62. Qh4+ Kf7 63. Qh7+ Kf6 64. Qh6+
Kf7 65. Qf4 Qe2+ 66. Kg3 Qe1+ 67. Kg2 Qe2+ 68. Qf2 Qe4+ 69. Qf3 Qc2+ 70. Kg3
Kg6 71. Qg2 Qc4 72. Qf2 Qd3+ 73. Kg2 Kf6 74. h4 Qe4+ 75. Kh2 Qd3 76. h5 Qd6+
77. Kg2 Qd5+ 78. Kg3 Qg8+ 79. Kh2 Qb8+ 80. Kh3 80... Qa8 {...} 1-0